The Poetry of Resistance: (Record no. 190509)

MARC details
000 -LEADER
fixed length control field 00623nam a22001817a 4500
005 - DATE AND TIME OF LATEST TRANSACTION
control field 20220727111341.0
010 ## - LCCN (DPL NO)
LC control number ENG-134029
020 ## - INTERNATIONAL STANDARD BOOK NUMBER
International Standard Book Number 97881189762605
Terms of availability 250.00
035 ## - SYSTEM CONTROL NUMBER
System control number EN-117561
037 ## - SOURCE OF ACQUISITION
Source of stock number/acquisition DBAD/PUB
082 ## - DEWEY DECIMAL CLASSIFICATION NUMBER
Classification number 881.09541
100 ## - MAIN ENTRY--PERSONAL NAME
Personal name Longkumer, Arkotong
245 ## - TITLE STATEMENT
Title The Poetry of Resistance:
Remainder of title The Heraka Movement of Northeast India/
Statement of responsibility, etc Arkotong Longkumer
260 ## - PUBLICATION, DISTRIBUTION, ETC. (IMPRINT)
Place of publication, distribution, etc New Delhi
Name of publisher, distributor, etc Indian Social Institute
Date of publication, distribution, etc 2016
270 ## - ADDRESS
Address 10, Institutional Area, Lodhi Road
Electronic mail address edoffice@isidelhi.org.in
City New Delhi
Postal code 110003
300 ## - PHYSICAL DESCRIPTION
Extent 258p.
Other physical details Index
Dimensions 24cm(pbk)
942 ## - ADDED ENTRY ELEMENTS (KOHA)
Source of classification or shelving scheme Dewey Decimal Classification
Item type English Books
Classification part 881.09541
Call number suffix LON
Holdings
Withdrawn status Lost status Not for loan Collection code Home library Current library Date acquired Source of acquisition Cost, normal purchase price Full call number Barcode Copy number Cost, replacement price Koha item type
      Non-fiction Bawana Bawana 27/07/2022 DBAD/PUB 250.00 881.09541 LON EN-117561 1 250.00 English Books

© Delhi Public Library
Hit Counter
free hit counter